000 01262nam a2200325 i 4500
001 000021604
003 DO-SdBNP
005 20250128193628.0
007 ta
008 100909s2003 dr a 000 0 spa d
020 _a9993455105
040 _aDO-SdBNP
_bspa
_cBNPHU
_erda
049 _aBNPD
082 4 _a929.1
_bE77d
_222
100 1 _aEspinal Hernández, Edwin,
_d1971-
_eautor
_4aut.
_98396
245 1 0 _aDe mi quehacer genealógico :
_brecopilación de mis 25 charlas genealógicas presentadas en diferentes foros nacionales durante mis últimos diez años /
_cEdwin Espinal Hernández ; edición, Luis José Prieto Nouel.
264 _aSanto Domingo :
_bEditor Instituto Dominicano de Genealogía, INC,
_c2003.
300 _a458 páginas :
_brtratos ;
_c22 cm.
336 _atexto
_btxt
_2rdacontent
337 _asin mediación
_bn
_2rdamedia
338 _avolumen
_bnc
_2rdacarrier
490 1 _aCharlas Genealógicas
_v1
500 _aIncluye referencias bibliográficas y notas al pie de páginas
500 _aIncluye datos biográficos del autor en la contracubierta
590 _aInventariado, 2023/BT
650 4 _aGenealogía
_921604
700 1 _aPrieto Nouel, Luis José,
_eeditor
_4ed.
_934792
910 _aBtavárez
942 _2ddc
_cLBS1
999 _c21103
_d21103